All Taming.io Animals - Statistics

General Stats
  • This quiz has been taken 7 times
  • The average score is 62 of 125
Answer Stats
Hint Answer % Correct
Bear
100%
Black Spider
100%
Hedgehog
100%
Lynx
100%
Raven
100%
Seahorse
100%
White Spider
100%
Wolf
100%
Armadillo
67%
Barn owl
67%
Bat
67%
Black Cat
67%
Boar
67%
Bugdog
67%
Bull
67%
Coldog
67%
Cow
67%
Cratodon
67%
Digger Shadow
67%
Dog
67%
Enchanting Gaze
67%
Fennec Fox
67%
Fire Fairy
67%
Floodog
67%
Fox
67%
Genie
67%
Giant Bee
67%
Giant Mantis
67%
Giant Moth
67%
Horse
67%
Ibex
67%
Inferno Gaze
67%
Infesting Gaze
67%
Lava golem
67%
Lizardman
67%
Mauve
67%
Menhir
67%
Normal Fairy
67%
Oryx
67%
Polar Bear
67%
Pudgy Shadow
67%
Rabbid
67%
Rabbit
67%
Rabblow
67%
Rabburn
67%
Rabbyss
67%
Rexdog
67%
Seal
67%
Skunk
67%
Snow Rabbit
67%
Spectral Gaze
67%
Spectrum
67%
Spectrum Fairy
67%
Temporary Tambidi
67%
Warg
67%
Water Fairy
67%
Yeti
67%
Acidog
33%
Adoring shadow
33%
Caracal
33%
Combat fairy
33%
Dark wisp
33%
Deer
33%
Draconic Gaze
33%
Dragon
33%
Dragon Fairy
33%
Easter Bunny
33%
Electric fairy
33%
Fire Statue
33%
Fire Wisp
33%
Flying Squirrel
33%
Glacial Gaze
33%
Goldfish
33%
Gold Golem
33%
Grim Reaper
33%
Guardian Shadow
33%
Hellhound
33%
Iceberg
33%
Ice Dragon
33%
Ice Fairy
33%
Ice golem
33%
Ice mask
33%
Insect Fairy
33%
Krampus
33%
Living Mushroom
33%
Mammoth
33%
Mantle
33%
Normal Mask
33%
Octopus
33%
Ostrich
33%
Penguin
33%
Plant Fairy
33%
Plant Mask
33%
Plant Statue
33%
Poison Fairy
33%
Polecat
33%
Punchy Gaze
33%
Rabbat
33%
Rat
33%
Reindeer
33%
Rock Fairy
33%
Rock Mask
33%
Salamander
33%
Savant Shadow
33%
Scrappy Shadow
33%
Sea Crab
33%
Sheep
33%
Siren
33%
Snow Fox
33%
Snow Wolf
33%
Squid
33%
Stingray
33%
Stone Golem
33%
Turkey
33%
Unicorn
33%
Volcanic Golem
33%
Vulture
33%
Water Mask
33%
Water Statue
33%
Yellow Scorpion
33%
Axolotl
0%
Camel
0%
Kangaroo
0%
Shark
0%
Toad
0%
No matching quizzes found
Score Distribution
Percent of People with Each Score
Percentile by Number Answered
Your Score History
You have not taken this quiz